Point culminant des pays d'Afrique - Statistiques

Statistiques générales
  • Ce quiz a été pris 5 fois
  • Le résultat moyen est 4 sur 52
Statistiques - réponses
Pays Altitude (en mètre) Point culminant % Correct
Tanzanie 5892 Kilimandjaro
80%
Cameroun 4095 Mont Cameroun
60%
Kenya 5199 Mont Kenya
60%
Afrique du Sud 3450 Mafadi
40%
Égypte 2629 Mont Sainte-Catherine
40%
Algérie 2918 Tahat
40%
Eswatini 1862 Emlembe
20%
Mozambique 2436 Mont Binga
20%
Liberia 1440 Mont Wuteve
20%
Angola 2620 Morro de Môco
20%
Cap-Vert 2829 Pico do Fogo
20%
Malawi 3002 Sapitwa
20%
Libye 2267 Bikku Bitti
0%
Nigeria 2419 Chappal Waddi
0%
Tunisie 1544 Djebel Chambi
0%
Soudan 3042 Djebel Marra
0%
Maroc 4165 Djebel Toubkal
0%
Tchad 3445 Emi Koussi
0%
Mali 1155 Hombori Tondo
0%
Comores 2360 Karthala
0%
Mauritanie 915 Kedia d'Idjil
0%
Soudan du Sud 3187 Kinyeti
0%
Namibie 2606 Königstein
0%
Sierra Leone 1948 Loma Mansa
0%
Madagascar 2876 Maromokotro
0%
Ghana 880 Mont Afadjato
0%
Zambie 2301 Montagnes de Mafinga
0%
Togo 986 Mont Agou
0%
Gabon 1070 Mont Bengoué
0%
Burundi 2684 Mont Heha
0%
Niger 2022 Mont Indoukat-n-Taglès
0%
Rwanda 4519 Mont Karisimbi
0%
République du Congo 1020 Mont Nabemba
0%
République centrafricaine 1420 Mont Ngaoui
0%
Côte d’Ivoire 1752 Mont Nimba
0%
Guinée 1752 Mont Nimba
0%
Maurice 828 Mont Piton
0%
Érythrée 3018 Mont Soira
0%
Bénin 658 Mont Sokbaro
0%
Seychelles 905 Morne Seychellois
0%
Djibouti 2028 Mousa Alli
0%
Zimbabwe 2592 Nyangani
0%
Botswana 1491 Otse Hill
0%
République démocratique du Congo 5110 Pic Marguerite
0%
Ouganda 5110 Pic Marguerite
0%
Guinée équatoriale 3008 Pico Basilé
0%
São Tomé-et-Principe 2024 Pico de São Tomé
0%
Éthiopie 4533 Ras Dashan
0%
Gambie 53 Red Rock
0%
Somalie 2450 Shimbiris
0%
Burkina Faso 749 Tenakourou
0%
Lesotho 3482 Thabana Ntlenyana
0%
Aucun quiz correspondant
Distribution des résultats
% des personnes avec chaque résultat
Percentile par nombre de réponses
Votre historique - résultats
Vous n’avez pas pris ce quiz